书目信息 |
| 题名: |
几何的证题与解题
|
|
| 作者: | 乐嗣康 著 | |
| 分册: | ||
| 出版信息: | 杭州 浙江人民出版社 1979 |
|
| 页数: | 176页 | |
| 开本: | 19cm | |
| 丛书名: | ||
| 单 册: | ||
| 中图分类: | G633.6 , O123-44 | |
| 科图分类: | ||
| 主题词: | 初等几何--解题 , 教育--各级 | |
| 电子资源: | ||
| ISBN: | ||
| 000 | 00625nam0 2200241 45 | |
| 001 | 0179002489 | |
| 005 | 20060725153453.53 | |
| 010 | @dCNY0.46 | |
| 091 | @a7103.1064 | |
| 100 | @a19950725d1979 demy0chiy0121 ea | |
| 101 | 0 | @achi |
| 102 | @aCN@b330000 | |
| 105 | @ay z 000yy | |
| 200 | 10 | @a几何的证题与解题@Aji he de zheng ti yu jie ti@f乐嗣康著 |
| 210 | @a杭州@c浙江人民出版社@d1979 | |
| 215 | @a176页@d19cm | |
| 606 | @a初等几何@x解题 | |
| 606 | 0 | @a教育@x各级 |
| 690 | @aG633.6@v3 | |
| 690 | @aO123-44@v3 | |
| 701 | 0 | @a乐嗣康@Ayue si kang@4著 |
| 801 | 0 | @aCN@bNLC@c20060725 |
| 905 | @dG633.6@e313@f1@b29790 | |
| 几何的证题与解题/乐嗣康著.-杭州:浙江人民出版社,1979 |
| 176页;19cm |
| ISBN :CNY0.46 |
| ● |
| 相关链接 |
|
|
|
|
正题名:几何的证题与解题
索取号:G633.6/313
 
预约/预借
| 序号 | 登录号 | 条形码 | 馆藏地/架位号 | 状态 | 备注 |
| 1 | 0029787 | 000241820 | 第四借阅区/ [索取号:G633.6/313] | 在馆 | |
| 2 | 0029788 | 000241884 | 第四借阅区/ [索取号:G633.6/313] | 在馆 | |
| 3 | 0029789 | 000241811 | 第四借阅区/ [索取号:G633.6/313] | 在馆 | |
| 4 | 0029790 | 001931299 | 密集书库/ [索取号:G633.6/313] | 在馆 | |
| 5 | 0426302 | 204263028 | 密集书库/ [索取号:G633.6/313] | 在馆 | |
| 6 | 0426303 | 204263037 | 密集书库/ [索取号:G633.6/313] | 在馆 |